| 000 | 00773cam a22002533a 4500 | ||
|---|---|---|---|
| 001 | 5582 | ||
| 003 | PGUSA | ||
| 005 | 20140828083122.0 | ||
| 008 | 040401s2004||||xxu|||||s|||||000 1 eng d | ||
| 040 |
_aPGUSA _beng |
||
| 042 | _adc | ||
| 050 | 4 | _aPT | |
| 100 | 1 |
_aEbers, Georg, _d1837-1898 |
|
| 245 | 1 | 4 |
_aThe Burgomaster's Wife — Volume 05 _h[electronic resource] / _cGeorg Ebers |
| 260 |
_bProject Gutenberg, _c2004 |
||
| 506 | _aPublic domain in the USA. | ||
| 516 | _aElectronic text | ||
| 653 | _aGerman fiction -- Translations into English | ||
| 653 | _aNetherlands -- History -- Eighty Years' War, 1568-1648 -- Fiction | ||
| 700 | 1 | _aSafford, Mary J. | |
| 830 | 0 |
_aProject Gutenberg _v5582 |
|
| 856 | 4 | 0 | _uhttp://www.gutenberg.org/ebooks/5582 |
| 942 | _cEB | ||
| 999 |
_c234911 _d234911 |
||